00555 2200193 4500001002100000005001500021035002000036007000300056008004100059020001500100082001000115084001600125100002500141245010800166250001100274260003400285300003300319990000900352INLIS00000000000603420200828021249 a0010-0820000035ta200828 g | ind  a9791133255 a613.2 a613.2 APR v0 aAPRIADJI, wied harry1 aVariasi Makanan Sehat Bayi :bPenting untuk tumbuh kembang bayi sehat dan cerdas /cWied Harry Apriadji aCet. 1 aJakarta :bPuspa Swara,c2006 aiv, 68 hlm :b.ilus ;c23 cm a2300